000 00665cam a22002413a 4500
001 18964
003 PGUSA
005 20140828083413.0
008 060802s2006||||xxu|||||s|||||000 | eng d
040 _aPGUSA
_beng
042 _adc
050 4 _aPS
100 1 _aGregory, Jackson,
_d1882-1943
245 1 0 _aWolf Breed
_h[electronic resource] /
_cJackson Gregory
260 _bProject Gutenberg,
_c2006
506 _aPublic domain in the USA.
516 _aElectronic text
653 _aWestern stories
700 1 _aJohnson, Frank Tenney,
_d1874-1939
830 0 _aProject Gutenberg
_v18964
856 4 0 _uhttp://www.gutenberg.org/ebooks/18964
942 _cEB
999 _c248219
_d248219